Champions NBA dans l'histoire - Statistiques

Statistiques générales
  • Ce quiz a été pris 298 fois
    130 depuis la dernière actualisation
  • Le résultat moyen est 30 sur 77
Statistiques - réponses
Année Champion Score % Correct
2023 Denver Nuggets 4-1 Vs Miami Heat
98%
2022 Golden State Warriors 4-2 Vs Boston Celtics
84%
2019 Toronto Raptors 4-2 Vs Golden State Warriors
78%
2018 Golden State Warriors 4-0 Vs Cleveland Cavaliers
77%
2020 Los Angeles Lakers 4-2 Vs Miami Heat
77%
2016 Cleveland Cavaliers 4-3 Vs Golden State Warriors
75%
2017 Golden State Warriors 4-1 Vs Cleveland Cavaliers
75%
2015 Golden State Warriors 4-2 Vs Cleveland Cavaliers
75%
2014 San Antonio Spurs 4-1 Vs Miami Heat
75%
2013 Miami Heat 4-3 Vs San Antonio Spurs
73%
2021 Milwaukee Bucks 4-2 Vs Phoenix Suns
72%
2010 Los Angeles Lakers 4-3 Vs Boston Celtics
70%
2012 Miami Heat 4-1 Vs Oklahoma City
70%
2011 Dallas Mavericks 4-2 Vs Miami Heat
69%
2008 Boston Celtics 4-2 Vs Los Angeles Lakers
67%
2009 Los Angeles Lakers 4-1 Vs Orlando Magic
64%
2007 San Antonio Spurs 4-0 Vs Cleveland Cavaliers
63%
2000 Los Angeles Lakers 4-2 Vs Indiana Pacers
62%
2002 Los Angeles Lakers 4-0 Vs New Jersey Nets
60%
2001 Los Angeles Lakers 4-1 Vs Philadelphie 76ers
60%
1998 Chicago Bulls 4-2 Vs Utah Jazz
57%
1997 Chicago Bulls 4-2 Vs Utah Jazz
57%
1996 Chicago Bulls 4-2 Vs Seattle SuperSoncis
57%
2003 San Antonio Spurs 4-2 Vs New Jersey Nets
57%
2005 San Antonio Spurs 4-3 Vs Detroit Pistons
56%
1993 Chicago Bulls 4-2 Vs Phoenix Suns
54%
1992 Chicago Bulls 4-2 Vs Portland Trail Blazers
54%
1991 Chicago Bulls 4-1 Vs Los Angeles Lakers
54%
2006 Miami Heat 4-2 Vs Dallas Mavericks
53%
2004 Detroit Pistons 4-1 Vs Los Angeles Lakers
51%
1995 Houston Rockets 4-0 Vs Orlando Magic
49%
1994 Houston Rockets 4-3 Vs New York Knicks
49%
1999 San Antonio Spurs 4-1 Vs New York Knicks
48%
1988 Los Angeles Lakers 4-3 Vs Detroit Pistons
43%
1987 Los Angeles Lakers 4-2 Vs Boston Celtics
43%
1986 Boston Celtics 4-2 Vs Houston Rockets
42%
1984 Boston Celtics 4-3 Vs Los Angeles Lakers
42%
1985 Los Angeles Lakers 4-2 Vs Boston Celtics
42%
1990 Detroit Pistons 4-1 Vs Portland Trail Blazers
41%
1989 Detroit Pistons 4-0 Vs Los Angeles Lakers
41%
1981 Boston Celtics 4-2 Vs Houston Rockets
31%
1982 Los Angeles Lakers 4-2 Vs Philadelphie 76ers
30%
1980 Los Angeles Lakers 4-2 Vs Philadelphie 76ers
28%
1969 Boston Celtics 4-3 Vs Los Angeles Lakers
23%
1968 Boston Celtics 4-2 Vs Los Angeles Lakers
22%
1966 Boston Celtics 4-3 Vs Los Angeles Lakers
22%
1965 Boston Celtics 4-1 Vs Los Angeles Lakers
22%
1963 Boston Celtics 4-2 Vs Los Angeles Lakers
21%
1962 Boston Celtics 4-3 Vs Los Angeles Lakers
21%
1983 Philadelphie 76ers 4-0 Vs Los Angeles Lakers
21%
1979 Seattle Supersonics 4-1 Vs Washington Bullets
21%
1964 Boston Celtics 4-1 Vs San Francisco Warriors
20%
1976 Boston Celtics 4-2 Vs Phoenix Suns
19%
1961 Boston Celtics 4-1 Vs Saint Louis Hawks
19%
1960 Boston Celtics 4-3 Vs Saint Louis Hawks
19%
1959 Boston Celtics 4-0 Vs Minneapolis Lakers
19%
1978 Washington Bullets 4-3 Vs Seattle SuperSonics
19%
1972 Los Angeles Lakers 4-1 Vs New York Knicks
16%
1977 Portland Trail Blazers 4-2 Vs Philadelphie 76ers
16%
1974 Boston Celtics 4-3 Vs Milwaukee Bucks
15%
1973 New York Knicks 4-1 Vs Los Angeles Lakers
15%
1970 New York Knicks 4-3 Vs Los Angeles Lakers
15%
1971 Milwaukee Bucks 4-0 Vs Baltimore Bullets
14%
1957 Boston Celtics 4-3 Vs Saint-Louis Hawks
11%
1975 Golden State Warriors 4-0 Vs Washington Bullets
10%
1967 Philadelphie 76ers 4-2 Vs San Francisco Warriors
7%
1958 Saint-Louis Hawks 4-2 Vs Boston Celtics
7%
1954 Minneapolis Lakers 4-3 Vs Syracuse Nationals
6%
1953 Minneapolis Lakers 4-1 Vs New York Knicks
6%
1952 Minneapolis Lakers 4-3 Vs New York Knicks
6%
1950 Minneapolis Lakers 4-2 Vs Syracuse Nationals
6%
1949 Minneapolis Lakers 4-2 Vs Washington Capitols
5%
1947 Philadelphie Warriors 4-1 Vs Chicago Stags
4%
1951 Rochester Royals 4-3 Vs New York Knicks
4%
1955 Syracuse Nationals 4-3 Vs Fort Wayne Pistons
4%
1948 Baltimore Bullets 4-2 Vs Philadelphie Warriors
2%
1956 Philadelphie Warriors 4-1 Vs Fort Wayne Pistons
2%
Aucun quiz correspondant
Distribution des résultats
% des personnes avec chaque résultat
Percentile par nombre de réponses
Votre historique - résultats
Vous n’avez pas pris ce quiz depuis la dernière actualisation